Great by Choice (Record no. 93699)

MARC details
000 -LEADER
fixed length control field 00569nam a2200205Ia 4500
005 - DATE AND TIME OF LATEST TRANSACTION
control field 20230303115528.0
008 - FIXED-LENGTH DATA ELEMENTS--GENERAL INFORMATION
fixed length control field 230125s9999 xx 000 0 und d
020 ## - INTERNATIONAL STANDARD BOOK NUMBER
International Standard Book Number 9781847940889
041 ## - LANGUAGE CODE
Language code of text/sound track or separate title eng
082 ## - DEWEY DECIMAL CLASSIFICATION NUMBER
Classification number 658.4092
Item number COL
100 ## - MAIN ENTRY--PERSONAL NAME
Author Collins J
245 ## - TITLE STATEMENT
Title Great by Choice
Remainder of title Uncertainty, Chaos and Luck-Why Some Thrive Despite Them All
260 ## - PUBLICATION, DISTRIBUTION, ETC.
Date of publication, distribution, etc. 2011
Name of publisher, distributor, etc. Random house
Place of publication, distribution, etc. London
300 ## - PHYSICAL DESCRIPTION
Extent 304p
500 ## - GENERAL NOTE
Keywords Leadership
650 ## - SUBJECT ADDED ENTRY--TOPICAL TERM
Topical term or geographic name entry element Leadership
700 ## - ADDED ENTRY--PERSONAL NAME
Personal name Collins J & Sudhir Tilloo, Donor
942 ## - ADDED ENTRY ELEMENTS (KOHA)
Koha item type Donated Book
906 ## - LOCAL DATA ELEMENT F, LDF (RLIN)
b 399.5
Holdings
Withdrawn status Lost status Damaged status Not for loan Home library Current library Date acquired Vendor Net Price Full call number Barcode Date last seen Actual Price Bill Date Koha item type Original Barcode
        Smt. Hiraben Nanavati Institute of Management & Research for Women Smt. Hiraben Nanavati Institute of Management & Research for Women 23/06/2015 Donated Book- Outside Donar 799.00 658.4092 COL DB2098 HIMR-DB-2098 25/01/2023 399.50 25/01/2023 Donated Book DB2098